00509nam a22001817a 4500003000400000005001700004008004100021040000700062041000800069082001700077100002500094245006200119260003100181650001400212650001400226650004300240650004400283OSt20241128152121.0210707s2004 xx 000 0 und d cAL aeng a 378.14 STAA aST ALOYSIUS COLLEGE. aSt. Aloysius college Mangalore: Annual Magazine 2004-2005 bSt Aloysisus Collegec2004 aEducation a125 Years aPost-Centenary Silver Jubilee Souvenir aSt Alousius PU College Annual 2005-2006